| 000 | 01870nas a2200337 i 4500 | ||
|---|---|---|---|
| 001 | 48788 | ||
| 003 | DR-UNIBE | ||
| 005 | 20260511090447.0 | ||
| 007 | ta | ||
| 008 | 210524b2011 dr ||||| |||| 00| 0 spa d | ||
| 020 | _q2636-2414 | ||
| 040 |
_aBIBLIOTECA UNIBE _cBIBLIOTECA UNIBE _bspa _dDO-SdBNP _erda |
||
| 041 | _aspa | ||
| 110 |
_aRepública Dominicana. _bInstituto Nacional de Coordinación de Trasplantes (INCORT) _989504 |
||
| 245 |
_aDonación y trasplante / _cInstituto Nacional de Coordinación de Trasplantes (INCORT). |
||
| 264 |
_aSanto Domingo, República Dominicana : _bInstituto Nacional de Coordinación de Trasplantes (INCORT), _c2013. |
||
| 300 |
_avolumen : _bilustraciones, fotografías, gráficas ; _c28 x 21 cm |
||
| 310 | _aDesconocida. | ||
| 336 |
_atexto _btxt _2rdacontent |
||
| 337 |
_asin mediación _bn _2rdamedia |
||
| 338 |
_avolumen _bnc _2rdacarrier |
||
| 362 | _aVolumen 3. (septiembre 2013). | ||
| 500 | _aCatalogación basada en el: Volumen 3. (septiembre 2013). | ||
| 500 | _aEl Instituto Nacional de Coordinación de Transplante (INCOTR) es la institución pública encargada de la regulación, coordinación y supervisión del Sistema Nacional de Donación y Trasplante de Órganos y Tejidos en la República Dominicana. Su misión principal es garantizar la disponibilidad de órganos y tejidos para trasplante, promoviendo la donación altruista y asegurando la equidad y transparencia en la asignación a los pacientes que lo necesitan. | ||
| 650 | 7 |
_aDonación de órganos, tejidos, etc. _95680 _vPublicaciones periódicas _zRepública Dominicana |
|
| 650 | 7 |
_aTrasplantes de órganos, tejidos, etc _9189197 _vRepública Dominicana |
|
| 650 | 7 |
_aMedicina _2República Dominicana _9189198 |
|
| 650 | 7 |
_aCiencias médicas _2República Dominicana _924558 |
|
| 655 |
_aPublicaciones periódicas _928658 |
||
| 942 |
_2ddc _cISSUE |
||
| 999 |
_c60692 _d60692 |
||